000 02229 a2200193 4500
001 123057
020 _a9780545251099
040 _cEscola Canadense de Niteroi
090 _aRIB-D3
100 _aRibeiro, João Ubaldo
245 1 0 _aDez Bons Conselhos de Meu Pai
260 _aRio de Janeiro
300 _bil.
_c4 x 19.2 x 0.6 cm
362 0 _a2011
520 _aManuel Ribeiro, o pai do escritor baiano João Ubaldo Ribeiro, era um homem estudioso e sempre foi exemplo e inspiração para o filho. Foi professor de história e de direito, ocupou vários cargos importantes, como o de diretor da Faculdade de Direito da Universidade Católica de Salvador. Na política, foi deputado estadual em Sergipe e vereador em salvador. Mas afora todos esses títulos socialmente importantes, Manuel Ribeiro foi um bom pai. Construiu junto com a mulher, Maria Felipa Osório Pimentel, uma casa cheia de livros, com uma biblioteca que se espalhava por todos os cômodos e contemplava todos os gêneros que se podiam imaginar: romance, filosofia, política, esoterismo. João Ubaldo, o filho mais velho do casal, inserido nessa atmosfera, descobriu que estavam nos livros as suas vontades. Sem que ninguém mandasse, o João menino vivia mergulhado nas histórias. Em Dez Bons Conselhos de Meu Pai, o romancista Ubaldo Ribeiro, considerado um dos escritores mais importantes do país e autor de livros indispensáveis na literatura contemporânea, traduz em sentenças curtas, mas essenciais, o resumo das diretrizes de vida mais importantes passadas por seu pai. Coisas como: não seja burro, não seja amargo e nunca seja medroso são apenas alguns deles. Rigoroso, Manuel era um pai atento à educação do filho mais velho, fazendo com que João decorasse versos e mais versos e recorrer ao dicionário a cada palavra que não conhecia. Manuel ensinou João a amar os livros, o valor do estudo, a vontade de saber sempre mais e, com isso, contribuiu para a construção de um dos mais importantes autores da literatura brasileira. Seus bons conselhos e a visão de mundo que deixou de legado ao filho, são generosamente compartilhados pelo autor baiano.
650 4 _aLiteratura Infantil
650 4 _aFamília
942 _cBK
999 _c123057
_d123057